000
00326 a2200133 4500
000
nam a22 7a 4500
100
_a
Giles
110
_a
Giles
245
_a
Developments in Physiology,Biochemistry
250
_a
latest edition
260
_b
BRILLIANCE,IBS-DIS
_c
2026
264
_b
BRILLIANCE,IBS-DIS
_c
2026
942
_c
BK
999
_c
394058
_d
394058